000 01558nam a2200337 a 4500
001 000025500
003 DO-SdBNP
005 20221010095219.0
008 110217s2001 dr ac 001 0 spa d
040 _aDO-SdBNP
_bspa
_cBPMSU
082 _a323.4
_bS471d 2001
_222
111 2 _aSeminario Internacional Sobre los Derechos Humanos en el Siglo XXI
_d( 2001 : 21de junio
_cSanto Domingo )
245 1 4 _aEl derecho a una vida digna :
_bproyecto de promoción de los derechos humanos en el Caribe y América Central (PRODERS) /
_cRubén Silié ... [et al.] ; editor Eddy Tejeda.
260 _aSanto Domingo :
_bFLACSO,
_c2001
300 _a81 p. :
_bil., retrs. ;
_c21 cm.
500 _a Incluye referencias bibliográficas y notas al pie de las páginas
504 _aBibliografía : p.77-78.
505 0 _gIntroducción --
_tLa protección internacional de los derechos humanos --
_tLas marcas de guerra en América Latina --
_tIntolerancia, impunidad y exclusión en el Caribe --
_tConclusión --
_gBibliografía.
590 _aInventariado, 2022/VM
650 4 _aDerechos humanos
_xCongresos, conferencias, etc.
650 4 _aViolación de los derechos humanos
650 4 _aDerechos civiles
650 4 _aDerechos económicos y sociales.
700 1 _aSilié, Rubén
_d1946-
_eed.
700 1 _aTejeda, Eddy,
_eed.
710 2 _aFLACSO, Programa (República Dominicana)
710 z _aFLACSO (Organización).
_b Programa Dominicano
710 z _aFLACSO (Organización).
_bRepública Dominicana
910 _aVMateo V./Validado
942 _2ddc
_cBK
999 _c14303
_d14303